De la tribu a la aldea global : derechos de los pueblos indígenas, redes transnacionales y relaciones internacionales en América Latina /
Salvato in:
| Autore principale: | |
|---|---|
| Altri autori: | , |
| Natura: | Libro |
| Lingua: | spagnolo |
| Pubblicazione: |
Barcelona, España :
Bellaterra,
2009, c2009
|
| Serie: | (Serie General Universitaria ;
92) |
| Soggetti: | |
| Tags: |
Nessun Tag, puoi essere il primo ad aggiungerne!!
|
MARC
| LEADER | 00000nam^a2200000^a^4500 | ||
|---|---|---|---|
| 001 | 000399610 | ||
| 005 | 20250521000000.0 | ||
| 009 | 20260310121556.028 | ||
| 020 | |a 978-84-7290-452-1 | ||
| 037 | |a Acervo ITESO - Biblioteca | ||
| 041 | |a ESP | ||
| 082 | |a 320. 980 |b BRY | ||
| 100 | |a Brysk, Alison |e (autor) | ||
| 245 | 1 | 0 | |a De la tribu a la aldea global : |b derechos de los pueblos indígenas, redes transnacionales y relaciones internacionales en América Latina / |c A. Brysk ; pról. y tr. por P. Ibarra, S. Martí i Puig. |
| 264 | 4 | |a Barcelona, España : |b Bellaterra, |c 2009, c2009 | |
| 300 | |a 399 p. | ||
| 336 | |a texto |b txt |2 rdacontenido | ||
| 337 | |a sin mediación |b n |2 rdamedio | ||
| 338 | |a volumen |b nc |2 rdasoporte | ||
| 440 | 1 | |a (Serie General Universitaria ; |v 92) | |
| 521 | |a FIL 2017 EEnlace Departamento de Estudios Sociopolíticos y Jurídicos | ||
| 649 | |a XX | ||
| 650 | |a Indígenas - |x Condiciones Políticas | ||
| 650 | |a Movimientos Indígenas - |z Latinoamérica - |x Historia - |x Tema Principal | ||
| 650 | |a Movimientos Sociales - |z Latinoamérica - |x Historia | ||
| 650 | |a Derecho Indígena - |z Latinoamérica | ||
| 650 | |a Relaciones Interculturales - |z Latinoamérica | ||
| 650 | |a Política - |z Latinoamérica - |x Historia | ||
| 650 | |a Latinoamérica - |x Condiciones Políticas | ||
| 700 | |a Ibarra, Pedro |e (prólogo) | ||
| 700 | |a Martí i Puig, Salvador |e (prólogo) | ||
| 910 | |a Fondo General | ||
| 920 | |a Impresos - Libros | ||
| 930 | |a Colección General | ||
| 905 | |a 101 | ||
| 901 | |a 0500294837 |b IT1 |c ACC |i c157939 |u 20250521 | ||
| 902 | |a https://opac.biblio.iteso.mx/vufind/Record/000399610 | ||